Britain`s inner cities: problems and policies (Record no. 85669)

MARC details
000 -LEADER
fixed length control field 00430cam a2200181 4500
001 - CONTROL NUMBER
control field D6554
008 - FIXED-LENGTH DATA ELEMENTS--GENERAL INFORMATION
fixed length control field 090401t1981 xxu||||| |||| 00| 0 eng d
035 ## - SYSTEM CONTROL NUMBER
System control number (Sirsi) u1438
041 ## - LANGUAGE CODE
Language code of text/sound track or separate title eng
050 ## - LIBRARY OF CONGRESS CALL NUMBER
Classification number 711.552
100 ## - MAIN ENTRY--PERSONAL NAME
Personal name Lawless, Paul
245 ## - TITLE STATEMENT
Title Britain`s inner cities: problems and policies
260 ## - PUBLICATION, DISTRIBUTION, ETC.
Place of publication, distribution, etc. London
Name of publisher, distributor, etc. Harper and Row
Date of publication, distribution, etc. 1981
300 ## - PHYSICAL DESCRIPTION
Extent 292p. 22cm
350 ## - PRICE (NR) (BK AM CF MU VM SE) [OBSOLETE]
Price 8.95
942 ## - ADDED ENTRY ELEMENTS (KOHA)
Suppress in OPAC 0
948 ## - LOCAL PROCESSING INFORMATION (OCLC); SERIES PART DESIGNATOR (RLIN)
c (OCLC) 04/03/1997
Holdings
Withdrawn status Lost status Source of classification or shelving scheme Damaged status Not for loan Home library Current library Shelving location Date acquired Cost, normal purchase price Total Checkouts Full call number Barcode Date last seen Date last checked out Copy number Cost, replacement price Price effective from Koha item type
    Dewey Decimal Classification     London London Books 14/09/1999 8.95 1 711.552 30021348 06/08/2019 15/11/2002 1 8.95 06/08/2019 Book